000 01172nam a2200277 a 4500
001 BRCA_1153
005 20190320203314.0
008 000821s2001 nmua---##b---#001-0#eng-#
020 _a0826323251
040 _aDLC
_cDLC
_dDLC
050 4 _aND1432
_b.A78 2001
245 1 0 _aArt and faith in Mexico : the nineteenth-century retablo tradition
_cedited by Elizabeth Netto Calil Zarur and Charles Muir Lovell.
260 _aAlbuquerque
_bUniversity of New Mexico
_c2001
300 _a359 p.
_bil. (algunas a color)
_c28 cm.
500 _aIncluye glosario e índice alfabético
504 _aIncluye referencias bibliográficas
610 2 4 _aUniversidad del Estado de Nuevo México
_bGalería de Arte de la Universidad
_vExposiciones
_93805
650 1 4 _aArte cristiano y simbolismo
_vExposiciones
_zMéxico
_92120
650 1 4 _aPintura mexicana
_vExposiciones
_ySiglo XIX
_93806
650 1 4 _aArte popular
_vExposiciones
_zMéxico
_91706
650 1 4 _aExvotos
_vExposiciones
_zMéxico
_93807
650 1 4 _aPintura
_vExposiciones
_zNuevo México
_93808
700 1 _aZarur, Elizabeth Netto Calil
_d1952-
_93809
700 1 _aLovell, Charles M
_q(Charles Muir)
_93810
942 _2lcc
_cB
999 _c1030
_d1030